Operational activities report

Tallennettuna:
Bibliografiset tiedot
Yhteisötekijä: United Nations Centre for Human Settlements
Aineistotyyppi: Kirja
Kieli:English
Julkaistu: Nairobi : United Nations Centre for Human Settlements (Habitat) 1991
Aiheet:
Tagit: Lisää tagi
Ei tageja, Lisää ensimmäinen tagi!

MARC

LEADER 00000nam a2200000Ia 4500
003 001802
005 20221231143946.0
008 140114s1991 ke a 000 ||eng d
040 |c cru CEDI 
082 |a 307.14 U58o 
110 |9 20773  |a United Nations Centre for Human Settlements. 
245 |a Operational activities report 
260 |a Nairobi : United Nations Centre for Human Settlements (Habitat)  |c 1991 
300 |a iii,208 páginas: 25 cm. 
650 |x ASENTAMIENTOS HUMANOS  |9 20777 
942 |2 ddc 
999 |c 14796  |d 14796